Normal view
MARC view
- THERMODYNAMICS FOR ENGINEERS
Entry Topical Term
001 - CONTROL NUMBER
- control field: 63664
003 - CONTROL NUMBER IDENTIFIER
- control field: NUST
005 - DATE AND TIME OF LATEST TRANSACTION
- control field: 20210628203144.0
008 - FIXED-LENGTH DATA ELEMENTS
- fixed length control field: 210628|| aca||aabn | a|a d
040 ## - CATALOGING SOURCE
- Original cataloging agency: NUST
- Transcribing agency: NUST
150 ## - HEADING--TOPICAL TERM
- Topical term or geographic name entry element: THERMODYNAMICS FOR ENGINEERS
670 ## - SOURCE DATA FOUND
- Source citation: Work cat.: (NUST): Potter, Merle C , Somerton, Craig W 63663, Theory and problems of thermodynamics for engineers, 2004
